00522nam a2200169 450000500170000000800410001702000180005804000210007604100080009708200170010510000340012224500670015625000120022326000340023530000100026965000730027920250902104331.0250902b |||||||| |||| 00| 0 eng d a9788198823816 aIN-DiNCcIN-DiNC dasm a301.072bBOR aBorah, Birinchi Kumareauthor aSamajik gabeshana paddhati (Major12)/cby Birinchi Kumar Borah a1st ed. aJorhat:bBidya bhawan,c2025. a287p. aSociological research methods-II (Major12)/xby Birinchi Kumar Borah